000 00890cam a22002771 4500
001 3751
003 BD-RjUL
005 20211208233758.0
008 131221s1957 nyu 000 0 eng
035 _a(BD-RjUL)3785
035 _a(OCoLC)1152650
040 _aDLC
_cCtWeharU
_dOCoLC
_dDLC
_dBD-RjUL
_beng
041 _aeng
082 0 0 _a343.73068
_bJKL 1957
110 2 _aJ.K. Lasser Tax Institute.
_910083
245 0 0 _aJ.K. Lasser's standard handbook of business tax techniques /
_cprepared by J.K. Lasser Tax Institute.
260 _aNew York :
_bMcGraw-Hill,
_c1957.
300 _a1 v. ;
_c21 cm.
504 _aIncludes index.
650 0 _aIncome tax
_xLaw and legislation
_zUnited States.
_910084
650 0 _aTax planning
_zUnited States.
_910592
740 0 _aStandard handbook of business tax techniques.
942 _2ddc
_cBK
999 _c3751
_d3751